Countries That Are G-R-E-E-N - Statistics

General Stats
  • This quiz has been taken 1,654 times
  • The average score is 27 of 35
Answers on the Map
Answers color-coded by a green-red scale on the quiz's map according to % correct below.
 
Answer Stats
Country % Correct
Russia
88%
Rwanda
88%
Eritrea
87%
Estonia
86%
Ethiopia
86%
Niger
86%
Nigeria
86%
Ecuador
85%
Germany
84%
Romania
84%
Guinea
82%
Namibia
82%
Grenada
81%
Guyana
81%
Nicaragua
81%
North Korea
80%
Greece
79%
Guinea Bissau
79%
Gabon
78%
Guatemala
78%
Norway
77%
El Salvador
76%
Eswatini
75%
Gambia
74%
Ghana
74%
Nauru
73%
New Zealand
73%
Egypt
72%
Netherlands
72%
East Timor
70%
Nepal
68%
North Macedonia
68%
Equatorial Guinea
65%
Georgia
63%
Republic of the Congo
42%
No matching quizzes found
Score Distribution
Percent of People with Each Score
Percentile by Number Answered
Your Score History
You have not taken this quiz